Word Ladder: Men in Lit Quiz Stats

 Plays Quiz Updated Apr 8, 2015

Challenge
Share
Tweet
Embed
Score 0/10 Timer 01:00
0 Plays Today
Clue 3-Letter Word % Correct
Make a quick noteJOT
92%
UppermostTOP
91.7%
One of the StoogesMOE
91.1%
Halloween animalBAT
91%
Unruly hairMOP
90.2%
Automated programBOT
83.6%
Charles Dicken's Gargery in 'Great Expectations'JOE
81.1%
Emeril exclamationBAM
77.5%
John Steinbeck's Joad in 'The Grapes of Wrath'TOM
66.4%
Dashiell Hammett's Spade in 'The Maltese Falcon'SAM
62.7%

Today's Daily Dose

You're not logged in!

Compare scores with friends on all Sporcle quizzes.
Join for Free
OR
Log In

You Might Also Like...

Show Comments

Extras

Top Quizzes Today


Score Distribution

Your Account Isn't Verified!

In order to create a playlist on Sporcle, you need to verify the email address you used during registration. Go to your Sporcle Settings to finish the process.

Report this User

Report this user for behavior that violates our Community Guidelines.

Details: